[Event "44th Sparkassen Open"]
[Site "Dortmund GER"]
[Date "2016.07.10"]
[Round "2.17"]
[White "Boehm, Juergen2"]
[Black "Stemmler, Fabian"]
[Result "1/2-1/2"]
[WhiteElo "2176"]
[BlackElo "1931"]
[WhiteFideId "4606434"]
[BlackFideId "12964808"]
[EventDate "2016.07.09"]

1. d4 f5 2. Nf3 e6 3. h3 Nf6 4. g4 d5 5. c4 c6 6. Nc3 Bd6 7. Qc2 Ne4 8. gxf5
exf5 9. cxd5 Nxc3 10. bxc3 cxd5 11. Ba3 Nc6 12. Bxd6 Qxd6 13. e3 a6 14. Bd3 Rf8
15. Qb2 b5 16. a4 b4 17. cxb4 Nxb4 18. Ne5 Qxe5 19. Qxb4 Qc7 20. Rb1 Rf6 21. f4
Rc6 1/2-1/2

[Event "44th Sparkassen Open"]
[Site "Dortmund GER"]
[Date "2016.07.10"]
[Round "2.18"]
[White "Partzsch, Lukas"]
[Black "Phunhon Lopez, Daniel Alejandro"]
[Result "1-0"]
[WhiteElo "2167"]
[BlackElo "1958"]
[WhiteFideId "12934852"]
[BlackFideId "12952567"]
[EventDate "2016.07.09"]

1. d4 c5 2. d5 b5 3. e4 a6 4. a4 b4 5. Bc4 Qc7 6. Nf3 e5 7. O-O Nf6 8. Nbd2 d6
9. Bd3 Be7 10. Nc4 a5 11. g3 Nbd7 12. Nh4 g6 13. Bh6 Nb6 14. Qe2 Bd7 15. b3 Ng4
16. Bd2 Bxh4 17. gxh4 f5 18. f4 Nxc4 19. Bxc4 fxe4 20. h3 e3 21. Bc1 Nh6 22.
fxe5 dxe5 23. Bxe3 Nf5 24. Bf4 Nd4 25. Qxe5+ Qxe5 26. Bxe5 Rf8 27. Rxf8+ Kxf8
28. Bd6+ Kg7 29. Bxc5 Nf3+ 30. Kf2 Nxh4 31. Re1 Nf5 32. Bb6 Kf6 33. Re4 g5 34.
Bd3 Nd6 35. Bd4+ Kf7 36. Re5 h6 37. Bc5 Nc8 38. Kg3 Kf6 39. Re1 Rb8 40. Bd4+ Kf7
41. Rf1+ Ke7 42. Bc5+ Kd8 43. d6 Be8 44. Rf8 Nb6 45. Bxb6+ Rxb6 46. Bb5 Rxb5 47.
axb5 Kd7 48. Rxe8 Kxe8 49. b6 1-0

[Event "44th Sparkassen Open"]
[Site "Dortmund GER"]
[Date "2016.07.10"]
[Round "2.20"]
[White "Schmitz, Edgar"]
[Black "Schmittdiel, Eckhard"]
[Result "0-1"]
[BlackTitle "GM"]
[WhiteElo "1981"]
[BlackElo "2449"]
[WhiteFideId "24675270"]
[BlackFideId "4600096"]
[EventDate "2016.07.09"]

1. e4 e6 2. d4 d5 3. Nc3 h6 4. Be3 Bb4 5. Bd3 dxe4 6. Bxe4 Nf6 7. Bf3 Nc6 8. Ne2
Ne7 9. a3 Ba5 10. O-O Nf5 11. Qd3 Bb6 12. Rad1 Nh4 13. Be4 c6 14. Bf4 O-O 15.
Qd2 Nxe4 16. Nxe4 f5 17. Nd6 Ng6 18. Be5 Bc7 19. Nc4 b5 20. Nf4 Nxe5 21. Nxe5
Qd6 22. Nfg6 Rf6 23. f4 Kh7 24. Nh4 c5 25. c3 Bb7 26. Kh1 c4 27. Qe2 Qd5 28.
Rde1 a6 29. Qh5 Qd8 30. Nhf3 Bd5 31. Re3 Qe8 32. Qh3 a5 33. Rfe1 Kg8 34. Kg1 b4
35. axb4 axb4 36. Qg3 Ra2 37. R3e2 Ba5 38. Nd2 Rxb2 39. Nexc4 bxc3 40. Nxa5 cxd2
41. Rd1 Qb5 0-1

[Event "44th Sparkassen Open"]
[Site "Dortmund GER"]
[Date "2016.07.10"]
[Round "2.21"]
[White "Kuechle, Wolfgang"]
[Black "Wicht, Juergen"]
[Result "1-0"]
[BlackTitle "CM"]
[WhiteElo "2030"]
[BlackElo "2221"]
[WhiteFideId "24628581"]
[BlackFideId "4639197"]
[EventDate "2016.07.09"]

1. c4 c6 2. Nf3 Nf6 3. Nc3 d5 4. e3 e6 5. b3 Bd6 6. Bb2 Nbd7 7. Be2 O-O 8. d4
Re8 9. O-O Nf8 10. Ne5 Bxe5 11. dxe5 N6d7 12. f4 f6 13. exf6 Nxf6 14. Qd3 Ng6
15. Rad1 e5 16. cxd5 exf4 17. exf4 Qb6+ 18. Qd4 cxd5 19. Qxb6 axb6 20. Bb5 Rd8
21. a4 Bf5 22. Rd2 d4 23. Ne2 d3 24. Ng3 Ne4 25. Bc4+ Kf8 26. Ba3+ Ke8 27. Nxe4
Bxe4 28. Re1 1-0

[Event "44th Sparkassen Open"]
[Site "Dortmund GER"]
[Date "2016.07.10"]
[Round "2.22"]
[White "Geerling, Anton"]
[Black "Liard, Thibaud"]
[Result "0-1"]
[WhiteElo "2008"]
[BlackElo "2183"]
[WhiteFideId "12976733"]
[BlackFideId "649775"]
[EventDate "2016.07.09"]

1. e4 c5 2. Nc3 Nc6 3. f4 g6 4. Nf3 Bg7 5. Bb5 Nd4 6. Bd3 d6 7. Nxd4 cxd4 8. Ne2
e5 9. O-O Nf6 10. c3 O-O 11. cxd4 exf4 12. Nxf4 Qb6 13. Qf3 Qxd4+ 14. Kh1 Bg4
15. Qg3 g5 16. Ne2 Bxe2 17. Bxe2 Nxe4 18. Qf3 g4 19. Qe3 Rae8 20. d3 Qxe3 21.
Bxe3 Nf6 22. Bd4 Rxe2 23. Bxf6 Rfe8 24. Bxg7 Kxg7 25. Rac1 R8e7 26. Rc4 h5 27.
Rb4 Rf2 28. Kg1 Rd2 29. Rb5 Kg6 30. h4 gxh3 31. gxh3 Ree2 32. Rff5 f6 33. Kf1
Rh2 34. Ke1 Rxb2 35. Rxb2 Rxb2 36. Ra5 a6 37. Rd5 Rxa2 38. Rxd6 Kg5 39. Rb6 Rh2
40. Rxb7 Rxh3 41. Ra7 Rxd3 42. Rxa6 Rf3 43. Ke2 Kg4 44. Ra8 Rf5 45. Rg8+ Kh3 46.
Rg1 h4 0-1

[Event "44th Sparkassen Open"]
[Site "Dortmund GER"]
[Date "2016.07.10"]
[Round "2.23"]
[White "Heinert, Eugen"]
[Black "Hartung, Thomas2"]
[Result "1-0"]
[WhiteElo "2171"]
[BlackElo "2018"]
[WhiteFideId "24621390"]
[BlackFideId "4639146"]
[EventDate "2016.07.09"]

1. d4 Nf6 2. Bg5 e6 3. e4 h6 4. Bxf6 Qxf6 5. c3 c5 6. d5 Qe5 7. Bd3 exd5 8. Nf3
Qe6 9. O-O dxe4 10. Bxe4 Be7 11. Re1 Qf6 12. Nbd2 O-O 13. Nc4 Rd8 14. Ne3 Kf8
15. Nd5 1-0

[Event "44th Sparkassen Open"]
[Site "Dortmund GER"]
[Date "2016.07.10"]
[Round "2.24"]
[White "Savchenko, Daniel"]
[Black "Jelica, Mara"]
[Result "1-0"]
[BlackTitle "WIM"]
[WhiteElo "1942"]
[BlackElo "2129"]
[WhiteFideId "12919195"]
[BlackFideId "14504111"]
[EventDate "2016.07.09"]

1. e4 c5 2. Nc3 Nc6 3. g3 g6 4. Bg2 Bg7 5. d3 Rb8 6. f4 b5 7. Nf3 b4 8. Ne2 a5
9. O-O Nh6 10. h3 O-O 11. f5 gxf5 12. Nh4 fxe4 13. dxe4 e6 14. Nf4 Ba6 15. Re1
Kh8 16. Kh1 f5 17. Nh5 Ne5 18. Nxg7 Kxg7 19. exf5 Nxf5 20. Bf4 d6 21. Rxe5 Nxh4
22. Qg4+ Ng6 23. Rh5 Rxf4 24. gxf4 Qf6 25. f5 Qxb2 26. Re1 Bb7 27. fxg6 Bxg2+
28. Qxg2 hxg6 29. Rg1 Qxc2 30. Qxc2 1-0

[Event "44th Sparkassen Open"]
[Site "Dortmund GER"]
[Date "2016.07.10"]
[Round "2.25"]
[White "Althoff, Ralph"]
[Black "Austrup, David"]
[Result "0-1"]
[WhiteElo "2122"]
[BlackElo "2001"]
[WhiteFideId "4623177"]
[BlackFideId "12996890"]
[EventDate "2016.07.09"]

1. e4 c5 2. Nf3 d6 3. d4 cxd4 4. Nxd4 Nf6 5. Nc3 g6 6. Be3 Bg7 7. f3 O-O 8. Qd2
Nc6 9. O-O-O d5 10. Nxc6 bxc6 11. g4 Qa5 12. h4 dxe4 13. h5 Nd5 14. hxg6 Bxc3
15. gxh7+ Kh8 16. Bd4+ f6 17. Qh6 Be6 18. g5 Bxd4 19. Bc4 Be3+ 20. Kb1 Nc3+ 21.
Ka1 Bxc4 22. a3 Nxd1 23. Rxd1 Qxg5 24. Qh1 Rad8 25. Re1 Rd2 26. fxe4 Rxc2 27.
Qf3 Bd4 0-1

[Event "44th Sparkassen Open"]
[Site "Dortmund GER"]
[Date "2016.07.10"]
[Round "2.26"]
[White "Pollmueller, Michael"]
[Black "Maniocha, Marek"]
[Result "1-0"]
[WhiteElo "2076"]
[BlackElo "1982"]
[WhiteFideId "16208749"]
[BlackFideId "4636821"]
[EventDate "2016.07.09"]

1. d4 d5 2. Nf3 Nf6 3. c4 c6 4. Qc2 g6 5. cxd5 cxd5 6. Nc3 Bg7 7. Bf4 a6 8. e3
O-O 9. Bd3 Nc6 10. a3 Bg4 11. Ne5 Nxe5 12. Bxe5 Rc8 13. Qb3 b5 14. h3 Be6 15. a4
bxa4 16. Rxa4 Ne4 17. Bh2 Nxc3 18. bxc3 a5 19. Ra3 f6 20. O-O Bf7 21. Rfa1 Ra8
22. c4 e5 23. c5 exd4 24. exd4 f5 25. Ra4 f4 26. Bxf4 Be8 27. Bd6 Bxa4 28. Qxd5+
Kh8 29. Rxa4 Re8 30. Bb5 Re1+ 31. Kh2 Rb1 32. Bc4 Qe8 33. c6 Rc8 34. Rxa5 1-0

[Event "44th Sparkassen Open"]
[Site "Dortmund GER"]
[Date "2016.07.10"]
[Round "2.27"]
[White "Klueting, Reiner"]
[Black "Sicars, Thorsten"]
[Result "1/2-1/2"]
[WhiteElo "1907"]
[BlackElo "2066"]
[WhiteFideId "4644760"]
[BlackFideId "12904090"]
[EventDate "2016.07.09"]

1. c4 c6 2. g3 d5 3. Bg2 g6 4. cxd5 cxd5 5. Nf3 Nc6 6. d4 Bg7 7. O-O Nh6 8. b3
Bg4 9. Bb2 Bxf3 10. Bxf3 Nf5 11. e3 h5 12. Nc3 e6 13. b4 Bf8 14. b5 Na5 15. e4
dxe4 16. Nxe4 1/2-1/2

[Event "44th Sparkassen Open"]
[Site "Dortmund GER"]
[Date "2016.07.10"]
[Round "2.28"]
[White "Lewin, Tammo"]
[Black "Heldt, Maximilian"]
[Result "1-0"]
[WhiteElo "2041"]
[BlackElo "1975"]
[WhiteFideId "4668596"]
[BlackFideId "12952346"]
[EventDate "2016.07.09"]

1. d4 c5 2. d5 e5 3. e4 Nf6 4. Nc3 d6 5. Nf3 Be7 6. Be2 O-O 7. O-O Ne8 8. a4 Kh8
9. Nd2 g6 10. Nc4 f5 11. Bh6 Rg8 12. f4 Nd7 13. Qd3 Nb6 14. Nd2 Nf6 15. fxe5
dxe5 16. Rad1 fxe4 17. Ndxe4 Bf5 18. Ng5 Qe8 19. Qg3 Bf8 20. Qxe5 Bxh6 21. Qxf6+
Rg7 22. Ne6 Nxd5 23. Rxd5 Be3+ 24. Kh1 Bxe6 25. Re5 Bd4 26. Rxe6 Qg8 27. Re5 Qb8
28. Qxg7+ Kxg7 29. Re7+ Kh6 30. Ne4 Qg8 31. Rf3 g5 32. Rh3+ Kg6 33. Bh5+ 1-0

[Event "44th Sparkassen Open"]
[Site "Dortmund GER"]
[Date "2016.07.10"]
[Round "2.29"]
[White "Tayyar, Alptug"]
[Black "Biermann, Florian"]
[Result "1-0"]
[WhiteElo "2037"]
[BlackElo "1924"]
[WhiteFideId "12993450"]
[BlackFideId "12970069"]
[EventDate "2016.07.09"]

1. e4 c5 2. Nf3 e6 3. d4 cxd4 4. Nxd4 a6 5. Bd3 Qc7 6. O-O Nf6 7. Nc3 b5 8. a3
Bb7 9. Be3 Bc5 10. Re1 Nc6 11. Ndxb5 axb5 12. Bxc5 Ne5 13. Bd4 Neg4 14. e5 Qc6
15. Ne4 Qd5 16. exf6 gxf6 17. Qxg4 Qxd4 18. Qf4 Ke7 19. Qe3 Qd5 20. Qc5+ Qxc5
21. Nxc5 Bc6 22. Nb3 f5 23. Nd4 1-0

[Event "44th Sparkassen Open"]
[Site "Dortmund GER"]
[Date "2016.07.10"]
[Round "2.30"]
[White "Garbuz, Vitaliy"]
[Black "Huhs, Sven"]
[Result "1-0"]
[WhiteElo "1907"]
[BlackElo "2034"]
[WhiteFideId "12990710"]
[BlackFideId "24669130"]
[EventDate "2016.07.09"]

1. e4 d5 2. exd5 Nf6 3. d4 Bg4 4. Nf3 Qxd5 5. Be2 Nc6 6. c4 Qh5 7. d5 O-O-O 8.
O-O e6 9. h3 exd5 10. hxg4 Nxg4 11. Bf4 Bd6 12. Nh2 Bxf4 13. Bxg4+ 1-0

[Event "44th Sparkassen Open"]
[Site "Dortmund GER"]
[Date "2016.07.10"]
[Round "2.31"]
[White "Busche, Klaus"]
[Black "Schuelke, Tilman"]
[Result "0-1"]
[WhiteElo "2033"]
[BlackElo "1923"]
[WhiteFideId "24604631"]
[BlackFideId "4647475"]
[EventDate "2016.07.09"]

1. d4 d5 2. Nf3 c6 3. e3 Bg4 4. c4 e6 5. Nbd2 Nd7 6. Be2 Bd6 7. b3 f5 8. O-O Nh6
9. Bb2 Nf7 10. c5 Bb8 11. Ne1 Bxe2 12. Qxe2 e5 13. f4 e4 14. Nc2 O-O 15. b4 g5
16. g3 Qf6 17. Nb3 Bc7 18. Bc3 b5 19. Kh1 Qe6 20. Rg1 Kh8 21. a4 a6 22. axb5
axb5 23. Rxa8 Rxa8 24. Ra1 Rxa1+ 25. Ncxa1 Nf6 26. h3 h5 27. h4 gxh4 28. gxh4
Ng4 29. Be1 Bd8 30. Nc2 Bf6 31. Qd1 Qe7 32. Qa1 Bxh4 33. Na5 Nd8 34. Kg2 Qf6 35.
Qd1 Kg7 36. Qe2 Bxe1 37. Qxe1 Qg6 38. Kh3 Nf6 39. Qg3 Qg4+ 40. Qxg4+ fxg4+ 41.
Kg3 Ng8 42. Ne1 Ne7 43. Ng2 Nf5+ 44. Kf2 h4 45. Nxh4 Nxh4 46. Kg3 Nf5+ 47. Kxg4
Kf6 48. Nb3 Nxe3+ 49. Kg3 Nc2 50. Kf2 Kf5 51. Ke2 Kxf4 52. Kf2 e3+ 53. Ke2 Ke4
54. Kd1 Nxd4 0-1

[Event "44th Sparkassen Open"]
[Site "Dortmund GER"]
[Date "2016.07.10"]
[Round "2.32"]
[White "Knudsen, Simon"]
[Black "Schimnatkowski, Lukas"]
[Result "1-0"]
[WhiteElo "1873"]
[BlackElo "2030"]
[WhiteFideId "12985546"]
[BlackFideId "12936723"]
[EventDate "2016.07.09"]

1. e4 e6 2. d4 d5 3. Nd2 Nf6 4. e5 Nfd7 5. Bd3 c5 6. c3 Nc6 7. Ne2 cxd4 8. cxd4
f6 9. exf6 Nxf6 10. Nf3 Bd6 11. O-O O-O 12. Bf4 Bxf4 13. Nxf4 Qd6 14. g3 Re8 15.
Re1 e5 16. dxe5 Nxe5 17. Nxe5 Rxe5 18. Qb3 b6 19. Rxe5 Qxe5 20. Qb4 Bb7 21. Re1
a5 22. Qe7 Qxe7 23. Rxe7 Bc8 24. Nxd5 Nxd5 25. Be4 Kf8 26. Bxd5 Kxe7 27. Bxa8
Be6 28. a3 Kd6 29. Be4 h6 30. f4 Kc5 31. Kf2 Kd4 32. Bc2 Bc4 33. g4 b5 34. g5
hxg5 35. fxg5 b4 36. axb4 axb4 37. h4 Bf7 38. Kf3 b3 39. Be4 Bh5+ 40. Kf4 Bd1
41. Bf3 Bc2 42. Be2 g6 43. Bb5 Bb1 44. Kf3 Bc2 45. Be8 Bf5 46. Kf4 Be4 47. Bf7
Bc2 48. h5 gxh5 49. g6 Bxg6 50. Bxg6 h4 51. Bf7 Kd3 52. Bxb3 Kd2 53. Be6 Kd3 54.
Kg4 Kd4 55. b3 Kc5 56. Kxh4 Kb4 57. Kg4 Kb5 58. Kf4 Kb4 59. Ke4 Kb5 60. Kd5 Kb6
61. Kc4 Kc6 62. Kb4 Kb6 63. Bd5 Ka6 64. Kc5 Ka7 65. b4 Kb8 66. Kb6 Kc8 67. Ka7
Kc7 68. b5 1-0

[Event "44th Sparkassen Open"]
[Site "Dortmund GER"]
[Date "2016.07.11"]
[Round "3.1"]
[White "Lupor, Stefan"]
[Black "Hausrath, Daniel"]
[Result "1/2-1/2"]
[WhiteTitle "FM"]
[BlackTitle "GM"]
[WhiteElo "2310"]
[BlackElo "2483"]
[WhiteFideId "4685806"]
[BlackFideId "4617495"]
[EventDate "2016.07.09"]

1. e4 c5 2. Nf3 Nc6 3. Bb5 Qc7 4. O-O a6 5. Bxc6 dxc6 6. d3 e5 7. a4 a5 8. Nbd2
f6 9. Nh4 Nh6 10. Nc4 Nf7 11. f4 Be6 12. b3 Bd6 1/2-1/2

[Event "44th Sparkassen Open"]
[Site "Dortmund GER"]
[Date "2016.07.11"]
[Round "3.2"]
[White "Dann, Matthias"]
[Black "Zatonskih, V."]
[Result "1-0"]
[WhiteTitle "IM"]
[BlackTitle "FM"]
[WhiteElo "2482"]
[BlackElo "2329"]
[WhiteFideId "24638056"]
[BlackFideId "14102161"]
[EventDate "2016.07.09"]

1. d4 e6 2. e4 d5 3. Nc3 dxe4 4. Nxe4 Nd7 5. Nf3 Ngf6 6. Nxf6+ Nxf6 7. Bc4 Be7
8. O-O O-O 9. Ne5 c5 10. dxc5 Qc7 11. Bf4 Qxc5 12. Re1 b5 13. Qf3 Ba6 14. Bb3
Qc8 15. Nc6 Bc5 16. Re5 Bd6 17. Rg5 Qc7 18. Bxd6 Qxd6 19. Qxf6 1-0

[Event "44th Sparkassen Open"]
[Site "Dortmund GER"]
[Date "2016.07.11"]
[Round "3.3"]
[White "Sorokin, Aleksey"]
[Black "Wickenfeld, Stefan"]
[Result "1-0"]
[WhiteTitle "FM"]
[WhiteElo "2413"]
[BlackElo "2231"]
[WhiteFideId "24176460"]
[BlackFideId "4622790"]
[EventDate "2016.07.09"]

1. d4 d5 2. c4 c6 3. Nf3 Nf6 4. e3 Bg4 5. h3 Bh5 6. Qb3 Qb6 7. Nc3 e6 8. Ne5
Nfd7 9. Nd3 f6 10. c5 Qc7 11. e4 Be7 12. exd5 exd5 13. Bf4 Qc8 14. Kd2 O-O 15.
Re1 Re8 16. Be2 Bf7 17. Bg4 b6 18. Bd6 Bf8 19. Rxe8 Qxe8 20. Re1 Qd8 21. Be6
bxc5 22. Bxf7+ Kxf7 23. Nxd5 c4 24. Qxc4 Qa5+ 25. Nc3+ Kg6 26. Nf4+ Kh6 27. Bxf8
Nxf8 28. Qf7 Qg5 29. g3 Na6 30. h4 Qg4 31. Re7 Rd8 32. f3 Rxd4+ 33. Ke3 1-0

[Event "44th Sparkassen Open"]
[Site "Dortmund GER"]
[Date "2016.07.11"]
[Round "3.4"]
[White "Zolfagharian, Kevin"]
[Black "Podzielny, Karl-Heinz"]
[Result "1-0"]
[BlackTitle "IM"]
[WhiteElo "2130"]
[BlackElo "2400"]
[WhiteFideId "12933570"]
[BlackFideId "4600215"]
[EventDate "2016.07.09"]

1. e4 c5 2. Nf3 e6 3. d4 cxd4 4. Nxd4 a6 5. Nc3 Qc7 6. Bd3 Nf6 7. Qe2 d6 8. Bg5
Be7 9. O-O-O Nbd7 10. f4 b5 11. Rhe1 h6 12. Bxf6 Bxf6 13. Nd5 Qc5 14. e5 dxe5
15. Nxf6+ gxf6 16. Be4 Ra7 17. Nc6 Rc7 18. b4 Qc4 19. Qxc4 bxc4 20. fxe5 Bb7 21.
Rd6 fxe5 22. Red1 Rg8 23. a4 Rg4 24. Rxd7 Rxd7 25. Rxd7 Kxd7 26. Nxe5+ Kd6 27.
Nxg4 Bxe4 28. Nxh6 f5 29. Kd2 Bxg2 30. Nf7+ Kd5 31. h4 f4 32. Ng5 c3+ 33. Ke2
Ke5 34. h5 Kf6 35. h6 e5 36. h7 Kg7 37. b5 axb5 38. axb5 Bd5 39. b6 Bc4+ 40. Kf2
Bd5 41. Ke2 Bc4+ 42. Kf3 Bd5+ 43. Kg4 Bb7 44. Nf7 Bc8+ 45. Kf3 Bb7+ 46. Kf2 Kxh7
47. Nxe5 1-0

[Event "44th Sparkassen Open"]
[Site "Dortmund GER"]
[Date "2016.07.11"]
[Round "3.5"]
[White "Pap, Misa"]
[Black "Ciornei, Dragos"]
[Result "1-0"]
[WhiteTitle "GM"]
[WhiteElo "2487"]
[BlackElo "2183"]
[WhiteFideId "921610"]
[BlackFideId "4619200"]
[EventDate "2016.07.09"]

1. e4 e5 2. Nf3 Nc6 3. Bc4 Nf6 4. d4 exd4 5. e5 d5 6. Bb5 Ne4 7. Nxd4 Bd7 8.
Bxc6 bxc6 9. O-O Be7 10. f3 Nc5 11. f4 Ne4 12. Nd2 Nxd2 13. Bxd2 c5 14. Ne2 O-O
15. f5 f6 16. e6 Bb5 17. Rf3 d4 18. Nf4 Bd6 19. Rh3 Qe8 20. Qg4 Bxf4 21. Bxf4 g5
22. Bxc7 Qc6 23. Be5 Qb7 24. Bd6 Rfd8 25. Bxc5 Rac8 26. e7 Re8 27. Qxd4 Qc6 28.
b4 Ba6 29. Re1 Bb7 30. Rg3 1-0

[Event "44th Sparkassen Open"]
[Site "Dortmund GER"]
[Date "2016.07.11"]
[Round "3.6"]
[White "Steinle, Carsten"]
[Black "Pajeken, Wolfgang"]
[Result "1/2-1/2"]
[BlackTitle "FM"]
[WhiteElo "2141"]
[BlackElo "2289"]
[WhiteFideId "24676462"]
[BlackFideId "4622170"]
[EventDate "2016.07.09"]

1. Nf3 d5 2. d4 Nf6 3. g3 Bf5 4. Bg2 e6 5. O-O Be7 6. c4 O-O 7. Qb3 Nc6 8. Qxb7
Nb4 9. Na3 Rb8 10. Qxa7 Ra8 1/2-1/2

[Event "44th Sparkassen Open"]
[Site "Dortmund GER"]
[Date "2016.07.11"]
[Round "3.7"]
[White "Schulze, Marc"]
[Black "Hecht, Carsten"]
[Result "1/2-1/2"]
[WhiteElo "2099"]
[BlackElo "2242"]
[WhiteFideId "1271126"]
[BlackFideId "24693928"]
[EventDate "2016.07.09"]

1. d4 Nf6 2. Bf4 g6 3. Nf3 Bg7 4. e3 d6 5. h3 O-O 6. Be2 b6 7. O-O Bb7 8. c4
Nbd7 9. Nc3 Ne4 10. Nxe4 Bxe4 11. Ng5 Bb7 12. Bf3 Qc8 13. Bxb7 Qxb7 14. Qf3 Rab8
15. Qxb7 Rxb7 16. Nf3 b5 17. cxb5 Rxb5 18. Rac1 c5 19. b3 a5 20. Rfd1 h6 21. e4
Rd8 22. e5 cxd4 23. Nxd4 Rd5 24. Nc6 Rxd1+ 25. Rxd1 Bxe5 1/2-1/2

[Event "44th Sparkassen Open"]
[Site "Dortmund GER"]
[Date "2016.07.11"]
[Round "3.8"]
[White "Meyers, Mark"]
[Black "Torres-Kuckel, Rafael"]
[Result "1/2-1/2"]
[BlackTitle "FM"]
[WhiteElo "2074"]
[BlackElo "2191"]
[WhiteFideId "12927716"]
[BlackFideId "4625072"]
[EventDate "2016.07.09"]

1. c4 e5 2. g3 Nf6 3. Nc3 d5 4. cxd5 Nxd5 5. Bg2 Nb6 6. Nf3 Nc6 7. d3 Be7 8. O-O
O-O 9. a3 a5 10. Be3 Re8 11. Rc1 Bf8 12. Ne4 Nd4 13. Nxd4 exd4 14. Bg5 f6 15.
Bd2 a4 16. Nc5 c6 17. Re1 Kh8 18. b4 axb3 19. Qxb3 Bxc5 20. Rxc5 Be6 21. Qb4 Ra4
22. Qb2 Ra7 23. Ba5 Na4 24. Bxd8 Nxb2 25. Ra5 Rxa5 26. Bxa5 Na4 1/2-1/2

[Event "44th Sparkassen Open"]
[Site "Dortmund GER"]
[Date "2016.07.11"]
[Round "3.9"]
[White "von Bargen, Lukas"]
[Black "Ries, Benjamin"]
[Result "0-1"]
[WhiteElo "1964"]
[BlackElo "2173"]
[WhiteFideId "12946141"]
[BlackFideId "4663802"]
[EventDate "2016.07.09"]

1. d4 d5 2. c4 c6 3. Nf3 Nf6 4. Nc3 dxc4 5. a4 Bf5 6. g3 Na6 7. Bg2 Nb4 8. O-O
Nc2 9. Ra2 Nb4 10. Ra1 g6 11. Bf4 Bg7 12. Rc1 O-O 13. Ne5 Ng4 14. Nxc4 Qxd4 15.
Qxd4 Bxd4 16. h3 Nf6 17. Rfd1 Rad8 18. a5 Bc2 19. Rd2 Bb3 20. Ne4 Nxe4 21. Bxe4
Na2 22. Ra1 Bxc4 23. Rad1 Bb3 0-1

[Event "44th Sparkassen Open"]
[Site "Dortmund GER"]
[Date "2016.07.11"]
[Round "3.10"]
[White "Borchert, Louis"]
[Black "Partzsch, Lukas"]
[Result "1/2-1/2"]
[WhiteElo "1878"]
[BlackElo "2167"]
[WhiteFideId "12990680"]
[BlackFideId "12934852"]
[EventDate "2016.07.09"]

1. e4 e5 2. Nf3 d6 3. d4 Nf6 4. Nc3 Nbd7 5. Bc4 Be7 6. O-O O-O 7. Re1 c6 8. a4
b6 9. d5 c5 10. Nd2 Ne8 11. Bd3 Bg5 12. Nf1 Bxc1 13. Qxc1 a6 14. Qe3 Qh4 15. Qg3
Qxg3 16. hxg3 f6 17. g4 Rf7 18. Ne3 Nf8 19. f3 Rc7 20. g3 Rb8 21. Ra3 g6 22. Kg2 1/2-1/2

[Event "44th Sparkassen Open"]
[Site "Dortmund GER"]
[Date "2016.07.11"]
[Round "3.11"]
[White "Schmittdiel, Eckhard"]
[Black "Tayyar, Alptug"]
[Result "1-0"]
[WhiteTitle "GM"]
[WhiteElo "2449"]
[BlackElo "2037"]
[WhiteFideId "4600096"]
[BlackFideId "12993450"]
[EventDate "2016.07.09"]

1. Nf3 d5 2. b3 Nf6 3. Bb2 Bf5 4. Nh4 Bc8 5. g3 g6 6. c4 c6 7. Bg2 Bg7 8. O-O
O-O 9. Qc2 b6 10. d4 Bb7 11. Nd2 Nbd7 12. Rac1 Rc8 13. Qb1 e6 14. Qa1 Qc7 15. b4
Qb8 16. a4 Rfe8 17. Nhf3 a5 18. bxa5 bxa5 19. c5 Ba6 20. Rfe1 Bf8 21. e3 e5 22.
Bh3 e4 23. Ne5 Nxe5 24. dxe5 Nh5 25. Bxc8 Qxc8 26. Bd4 Qh3 27. Qc3 Ra8 28. e6
Bc8 29. exf7+ Kxf7 30. Qb3 Bg4 31. Nxe4 Be7 32. Nd2 Re8 33. e4 Bg5 34. Be3 Bh4
35. Bh6 g5 36. gxh4 Qxh4 37. exd5 Nf4 38. Qb7+ Kg6 39. Qg7+ Kh5 40. Qf7+ Kxh6
41. Qxe8 Nh3+ 42. Kh1 Nxf2+ 43. Kg2 Bh3+ 44. Kg1 Qd4 45. Nf3 1-0

[Event "44th Sparkassen Open"]
[Site "Dortmund GER"]
[Date "2016.07.11"]
[Round "3.12"]
[White "Wiebe, Patrick"]
[Black "Kuechle, Wolfgang"]
[Result "1-0"]
[WhiteElo "2187"]
[BlackElo "2030"]
[WhiteFideId "4684079"]
[BlackFideId "24628581"]
[EventDate "2016.07.09"]

1. c4 e5 2. g3 c6 3. d4 d6 4. Nc3 Nf6 5. Bg2 Be7 6. e4 O-O 7. Nge2 a6 8. a4 a5
9. O-O Na6 10. h3 Qc7 11. Be3 b6 12. Rc1 Bb7 13. f4 exd4 14. Nxd4 Rfe8 15. g4
Bf8 16. g5 Nd7 17. Nf5 Ndc5 18. h4 Rad8 19. Rc2 d5 20. cxd5 cxd5 21. e5 Nb4 22.
Rd2 Bc6 23. Nd4 Bb7 24. Ncb5 Qb8 25. Nf5 Bc6 26. Nc3 Qa8 27. Nd4 Bb7 28. h5 Ne4
29. Bxe4 dxe4 30. g6 hxg6 31. hxg6 fxg6 32. Qg4 Nd5 33. Nxd5 Bxd5 34. Qxg6 Bf7
35. Qg3 Bd5 36. Nf5 Qc8 37. Nh6+ Kh7 38. Ng4 Be7 39. f5 Bc5 40. Nf6+ 1-0